| 000 | 00550nam a22001937a 4500 | ||
|---|---|---|---|
| 003 | CEME | ||
| 005 | 20210628202733.0 | ||
| 008 | 210104b xxu||||| |||| 00| 0 eng d | ||
| 020 | _a9788131516355 | ||
| 040 | _cceme | ||
| 082 | _a621.319 GLO | ||
| 100 |
_aGlover, J. Duncan ,Sarma, Mulukutla S ,Overbye, Thomas J _961339 |
||
| 245 | _aPower system analysis and design | ||
| 250 | _a5TH | ||
| 260 |
_a INDIA _bCENGAGE LEARNING _c2012 |
||
| 300 | _aXX, 827P | ||
| 650 |
_aTEXTBOOK-DEE.POWER SYSTEM ANALYSIS AND DESIGN _961340 |
||
| 942 |
_cBK _2ddc |
||
| 999 |
_c570827 _d570827 |
||